Účtovná závierka v jednoduchom účtovníctve s príkladmi
Účtovná závierka za rok 1996 pre fyzické osoby vykonávajúce podnikateľskú činnosť v jednoduchom účtovníctve. Vysvetlenie niektorých pojmov. Účtovná metodika v jednoduchom účtovníctve. Harmonogram prác na účtovnej uzávierke a zostavenie výkazov. Inventarizácia majetku a záväzkov. Zaúčtovanie účtovnýc...
Gespeichert in:
| 1. Verfasser: | |
|---|---|
| Weitere Verfasser: | |
| Format: | Buchkapitel |
| Sprache: | Slowakisch |
| Schlagworte: | |
| Tags: |
Keine Tags, Fügen Sie das erste Tag hinzu!
|
MARC
| LEADER | 00000naa a2200000 4500 | ||
|---|---|---|---|
| 001 | r026255 | ||
| 005 | 20230919070823.3 | ||
| 041 | 0 | |a slo | |
| 044 | |a SK | ||
| 245 | 1 | 0 | |a Účtovná závierka v jednoduchom účtovníctve s príkladmi |c Š. Kardoš, Vladimír Pastierik |
| 520 | |a Účtovná závierka za rok 1996 pre fyzické osoby vykonávajúce podnikateľskú činnosť v jednoduchom účtovníctve. Vysvetlenie niektorých pojmov. Účtovná metodika v jednoduchom účtovníctve. Harmonogram prác na účtovnej uzávierke a zostavenie výkazov. Inventarizácia majetku a záväzkov. Zaúčtovanie účtovných prípadov. Zabezpečenie správneho ocenenia. Uzatváranie účtovných kníh. Zostavenie výkazov. Daňové priznanie. | ||
| 610 | 2 | 0 | |a závierka účtovná |
| 610 | 2 | 0 | |a 1996 |
| 610 | 2 | 0 | |a osoby fyzické |
| 610 | 2 | 0 | |a podnikatelia |
| 610 | 2 | 0 | |a účtovníctvo jednoduché |
| 610 | 2 | 0 | |a metodika |
| 610 | 2 | 0 | |a predpisy právne |
| 100 | 1 | |a Kardoš, Štefan | |
| 700 | 1 | |a Pastierik, Vladimír | |